000 00995cad a22002655a 4500
001 E151183
008 101006s2008 xxk f 100 0 eng d
020 _a9781842194348
035 _a(Sirsi) u151183
041 0 _aeng
100 1 _aKashiwagi, Dean
111 2 _aConstruction and Building Research Conference
_cDublin Institute of Technology, Dublin
_d4-5 September 2008
245 0 2 _aA business approach to construction research
_h[electronic resource]
260 _aLondon
_bRICS
_c2008
520 _aA paper presented at the COBRA Conference 2008 in Dublin.
590 _aKA
650 2 4 _aCONSTRUCTION AND BUILDING RESEARCH CONFERENCE (COBRA)
651 4 _aInternational
690 _aConstruction management
_96230
700 1 _aSullivan, Kenneth
700 1 _aBadger, William W.
700 1 _aEgbu, Charles
856 4 0 _uhttps://www.rics.org/Global/Downloads/businessApproachConstructionResearchCOBRA2008.pdf.pdf
_zView the item free of charge at www.rics.org
942 _n0
999 _c111213
_d111213